000 00434nam a22001697a 4500
003 MPLRDC
005 20220104144923.0
008 210129b ||||| |||| 00| 0 eng d
082 _a945.31 HNQ 1996
100 _a黄乃群主编
245 _a马来西亚当代水墨画家作品集
_c
250 _a初版
260 _a
_b吉隆坡画院
_c1996
300 _b
650 _a中国画册--题识
942 _cBK
_o945.31 HNQ 1996
999 _c51042
_d51032